Dark Souls all weapons quiz - Statistics

General Stats
  • This quiz has been taken 244 times
  • The average score is 59 of 120
Answer Stats
Hint Answer % Correct
Halberds Halberd
82%
Daggers Dagger
81%
Whips Whip
80%
Ultra Greatswords Greatsword
79%
Bows Longbow
78%
Thrusting Swords Rapier
78%
Spears Spear
77%
Greataxes Greataxe
76%
Bows Shortbow
76%
Greatswords Blackknight Sword
74%
Axes Battle Axe
72%
Straight Swords Longsword
72%
Katanas Uchigatana
72%
Halberds Black Knight Halberd
69%
Ultra Greatswords Zweihander
69%
Ultra Greatswords Black Knight Greatsword
67%
Greataxes Black Knight Greataxe
66%
Gauntlets Caestus
65%
Hammers Club
65%
Axes Hand Axe
65%
Katanas Chaos Blade
64%
Great Hammers Smough's Hammer
64%
Straight Swords Broken Straight Sword
63%
Curved Swords Scimitar
63%
Greatswords Moonlight Greatsword
62%
Greatswords Claymore
61%
Great Hammers Demon's Great Hammer
60%
Great Hammers Great Club
59%
Straight Swords Shortsword
59%
Hammers Blacksmith Hammer
58%
Thrusting Swords Estoc
58%
Crossbows Light Crossbow
58%
Thrusting Swords Ricard's Rapier
58%
Katanas Washing Pole
58%
Straight Swords Drakesword
57%
Crossbows Heavy Crossbow
56%
Curved Swords Falchion
55%
Halberds Scythe
55%
Spears Dragonslayer Spear
54%
Great Hammers Dragon Tooth
54%
Hammers Mace
54%
Greataxes Demon's Greataxe
53%
Ultra Greatswords Dragon Greatsword
53%
Bows Dragonslayer Greatbow
53%
Straight Swords Broadsword
52%
Hammers Morning Star
51%
Daggers Parrying Dagger
51%
Greataxes Dragon King Greataxe
49%
Axes Gargoyle Tail Axe
49%
Axes Golem Axe
49%
Greatswords Greatsword of Artorias
49%
Whips Notched Whip
49%
Daggers Priscilla's Dagger
49%
Spears Winged Spear
49%
Curved Greatswords Gravelord Sword
48%
Gauntlets Dark Hand
47%
Curved Swords Quelaag's Furysword
47%
Daggers Bandit's Knife
46%
Greatswords Bastard Sword
46%
Bows Composite Bow
46%
Halberds Great Scythe
46%
Great Hammers Large Club
46%
Straight Swords Silver Knight Straight Sword
46%
Crossbows Sniper Crossbow
46%
Gauntlets Dragon Bone Fist
45%
Halberds Gargoyle's Halberd
45%
Bows Gough's Greatbow
45%
Whips Guardian Tail
45%
Halberds Lifehunt Scythe
45%
Curved Greatswords Murakumo
45%
Straight Swords Sunlight Straight Sword
45%
Crossbows Avelyn
44%
Bows Darkmoon Bow
44%
Ultra Greatswords Demon Great Machete
44%
Curved Swords Gold Tracer
44%
Katanas Iaito
44%
Curved Greatswords Server
44%
Straight Swords Astora's Straight Sword
43%
Halberds Giant's Halberd
43%
Greatswords Greatlord Greatsword
42%
Straight Swords Crystal Straight Sword
41%
Spears Moonlight Butterfly Horn
41%
Spears Silver Knight Spear
41%
Greatswords Abyss Greatsword
40%
Daggers Ghost Blade
40%
Spears Pike
40%
Hammers Reinforced Club
40%
Straight Swords Balder Side Sword
39%
Bows Black Bow of Pharis
39%
Gauntlets Claw
39%
Greatswords Flamberge
39%
Greatswords Obsidian Greatsword
39%
Spears Channeler's Trident
38%
Daggers Dark Silver Tracer
38%
Curved Swords Shotel
38%
Spears Demon's Spear
37%
Thrusting Swords Mail Breaker
37%
Thrusting Swords Velka's Rapier
37%
Greatswords Crystal Greatsword
36%
Spears Partizan
36%
Axes Butcher Knife
35%
Great Hammers Grant
35%
Straight Swords Straight Sword Hilt
35%
Straight Swords Barbed Straight Sword
34%
Axes Crescent Axe
34%
Greatswords Cursed Greatsword of Artorias
34%
Straight Swords Darksword
34%
Curved Swords Painting Guardian Sword
34%
Gauntlets Fist
33%
Halberds Lucerne
32%
Curved Swords Jagged Ghost Blade
31%
Halberds Titanite Catch Pole
31%
Hammers Warpick
31%
Hammers Blacksmith Giant Hammer
28%
Hammers Pickaxe
28%
Greatswords Stone Greatsword
28%
Hammers Hammer of Vamos
27%
Greatswords Man-Serpent Greatsword
27%
Spears Four-Pronged Plow
26%
Greataxes Stone Greataxe
24%
No matching quizzes found
Score Distribution
Percent of People with Each Score
Percentile by Number Answered
Your Score History
You have not taken this quiz